| 000 | 01078nam a2200217Ia 4500 | ||
|---|---|---|---|
| 008 | 0000002003 ec ad 0000000000mul00 | ||
| 090 | _aPUS00 J18j | ||
| 100 | 1 |
_aJauregui, Paul _d1965 |
|
| 245 | 1 | 0 |
_aJauregui _b: tierra de gigantes = land of the giants _c/ fotografía Jaime Guerra ; traducción Alicia Coloma De Reed. |
| 300 |
_a95 p. _c/ 27 cm. |
||
| 500 | _aArtista nacido en Estados Unidos y nacionalizado en Ecuador \ Incluye cronología del artista \ Texto bilingue : español ingles \ Con el patronazgo del maestro venezolano Jesús Rafael Soto (q.e.p.d.) | ||
| 501 | _aSobre la pintura de Paul Jauregui = In the paintings of Paul Jauregui / Patricio Romero y Cordero | ||
| 600 | 0 | 0 |
_aJAUREGUI, PAUL, 1965/ _xTRABAJOS PICTORICOS |
| 650 | 1 | 4 | _aARTE CONTEMPORANEO ESTADOUNIDENSE |
| 650 | 1 | 4 | _aARTISTAS PLASTICOS ESTADOUNIDENSES |
| 650 | 1 | 4 | _xCATALOGOS |
| 650 | 1 | 4 | _aPINTORES ESTADOUNIDENSES |
| 650 | 1 | 4 | _aPINTURA ESTADOUNIDENSE |
| 700 | 1 | _aPérez, Luis \ Guerra, Jaime \ Coloma de Reed, Alicia, tr. | |
| 999 |
_c16 _d16 |
||
| 260 |
_aQuito : Luis Pérez Galeria _c2003 |
||